000 00258nam a2200109Ia 4500
008 200302s9999 xx 000 0 und d
100 _aHarriet H. Thoen
245 _aLand of Liberty
260 _bThe L. W. Singer Co. Inc.
260 _c1955
300 _a376 P.,
999 _c5224
_d5224